Untapped skills realising the potential of immigrant students
Saved in:
| Corporate Author: | |
|---|---|
| Format: | Book |
| Language: | English |
| Published: |
Paris
OECD
2012
|
| Subjects: | |
| Tags: |
No Tags, Be the first to tag this record!
|
MARC
| LEADER | 00000nam$a2200000$$$4500 | ||
|---|---|---|---|
| 001 | 0174909 | ||
| 005 | 20240315121414.0 | ||
| 020 | |a 978-92-64-17229-6 | ||
| 041 | 0 | |a eng | |
| 044 | |a FR | ||
| 245 | 1 | 0 | |a Untapped skills |b realising the potential of immigrant students |
| 264 | 1 | |a Paris |b OECD |c 2012 | |
| 300 | |a 202 s. | ||
| 610 | 2 | 0 | |a vzdelávanie |
| 610 | 2 | 0 | |a študenti |
| 610 | 2 | 0 | |a migrácia |
| 610 | 2 | 0 | |a Švajčiarsko |
| 610 | 2 | 0 | |a Kanada |
| 710 | 2 | |a Programme for International Student Assessment (OECD) | |